Gaming Quiz

Random Gaming or Mario Quiz

Mario Party 6 Minigames! Quiz Stats

 Plays Quiz not verified by Sporcle

Support Sporcle.
Go Orange.
Score 0/82 Timer 10:00
0 Plays Today
Hint Answer % Correct
BattleInsectiride
72.2%
DuelCog Jog
72.2%
4-PlayerSmashdance
66.7%
2 vs 2Rocky Road
66.7%
2 vs 2Clean Team
66.7%
BattleStrawberry Shortfuse
66.7%
BowserPit Boss
66.7%
4-PlayerTricky Tires
61.1%
4-PlayerLift Leapers
61.1%
4-PlayerPokey Punch-out
61.1%
1 vs 3Dust 'til Dawn
61.1%
BattleHyper Sniper
61.1%
DuelBlack Hole Boogie
61.1%
DuelSumo of Doom-o
61.1%
DuelBoo'd Off the Stage
61.1%
BowserDizzy Rotisserie
61.1%
4-PlayerGranite Getaway
55.6%
4-PlayerMowtown
55.6%
1 vs 3Conveyor Bolt
55.6%
1 vs 3Ray of Fright
55.6%
DuelLight Up My Night
55.6%
DuelLunar-tics
55.6%
DuelT Minus Five
55.6%
DuelTrick or Tree
55.6%
4-PlayerSnow Whirled
50%
4-PlayerBlooper Scooper
50%
1 vs 3Surge and Destroy
50%
2 vs 2Garden Grab
50%
Hint Answer % Correct
2 vs 2Burnstile
50%
BattleWrasslin' Rapids
50%
DuelFull Tilt
50%
DuelPitifall
50%
DuelMass Meteor
50%
DuelBoonanza!
50%
DKPier Factor
50%
DKBanana Shake
50%
BowserDark 'n Crispy
50%
4-PlayerWhat Goes Up...
44.4%
4-PlayerCircuit Maximus
44.4%
4-PlayerCatch You Letter
44.4%
4-PlayerDaft Rafts
44.4%
4-PlayerTreasure Trawlers
44.4%
1 vs 3Stage Fright
44.4%
1 vs 3Shoot Yer Mouth Off
44.4%
DuelO-Zone
44.4%
DuelAsteroad Rage
44.4%
DuelSomething's Amist
44.4%
4-PlayerOdd Card Out
38.9%
4-PlayerFreeze Frame
38.9%
4-PlayerCannonball Fun
38.9%
4-PlayerSame Is Lame
38.9%
4-PlayerMoney Belt
38.9%
4-PlayerThrow Me a Bone
38.9%
1 vs 3Cash Flow
38.9%
1 vs 3Snow Brawl
38.9%
1 vs 3Verbal Assault
38.9%
Hint Answer % Correct
2 vs 2Pixel Perfect
38.9%
2 vs 2Gondola Glide
38.9%
2 vs 2Body Builder
38.9%
BattleControl Schtick
38.9%
RareSeer Terror
38.9%
4-PlayerNote to Self
33.3%
4-PlayerSunday Drivers
33.3%
1 vs 3Crate and Peril
33.3%
1 vs 3Talkie Walkie
33.3%
1 vs 3Fruit Talktail
33.3%
2 vs 2Slot Trot
33.3%
2 vs 2Cashapult
33.3%
BattleStamp By Me
33.3%
4-PlayerMemory Lane
27.8%
1 vs 3Word Herd
27.8%
2 vs 2Light Breeze
27.8%
2 vs 2Mole-it!
27.8%
2 vs 2Jump the Gun
27.8%
DKTally Me Banana
27.8%
RareLab Brats
27.8%
RareDunk Bros.
27.8%
1 vs 3Sink or Swim
22.2%
1 vs 3Ball Dozers
22.2%
1 vs 3Pop Star
22.2%
4-PlayerTrap Ease Artist
16.7%
RareBlock Star
16.7%

You're not logged in!

Compare scores with friends on all Sporcle quizzes.
OR
Log In

From the Vault

Premier League Multiple 4-Goal+ Scorers

by sharpening00

And here we are, unable to kick the ball in a straight line.
Remove Ads.
Support Sporcle.
Get the best of Sporcle when you Go Orange. This ad-free experience offers more features, more stats, and more fun while also helping to support Sporcle. Thank you for becoming a member.

Show Comments

Extras

Top Quizzes Today


Score Distribution

Your Account Isn't Verified!

In order to create a playlist on Sporcle, you need to verify the email address you used during registration. Go to your Sporcle Settings to finish the process.

Report this User

Report this user for behavior that violates our Community Guidelines.

Details: